Nákladové účetnictví (Manažerské účetnictví I)

Gespeichert in:
Bibliographische Detailangaben
1. Verfasser: Fibírová, Jana
Körperschaft: Vysoká škola ekonomická v Praze. Fakulta financí a účetnictví
Weitere Verfasser: Šoljaková, Libuše, Wagner, Jaroslav
Format: Buch
Sprache:Tschechisch
Veröffentlicht: Praha Vysoká škola ekonomická. Nakladatelství Oeconomica 2005
Ausgabe:1. dotisk 3. přeprac. vyd.
Schlagworte:
Tags: Tag hinzufügen
Keine Tags, Fügen Sie das erste Tag hinzu!

MARC

LEADER 00000nam$a2200000$$$4500
001 0040964
005 20221129082826.2
020 |a 80-245-0746-3 
041 0 |a cze 
044 |a CZ 
245 1 0 |a Nákladové účetnictví (Manažerské účetnictví I)  |c Jana Fibírová, Libuše Šoljaková, Jaroslav Wagner 
250 |a 1. dotisk 3. přeprac. vyd. 
264 1 |a Praha  |b Vysoká škola ekonomická. Nakladatelství Oeconomica  |c 2005 
300 |a 360 s. 
610 2 0 |a účtovníctvo nákladové 
610 2 0 |a účtovníctvo manažérske 
610 2 0 |a účtovníctvo finančné 
610 2 0 |a náklady 
610 2 0 |a výnosy 
610 2 0 |a nástroje riadenia 
610 2 0 |a kalkulácia 
610 2 0 |a riadenie 
610 2 0 |a účtovníctvo 
610 2 0 |a rozpočet nákladov 
100 1 |a Fibírová, Jana 
700 1 |a Šoljaková, Libuše 
700 1 |a Wagner, Jaroslav 
710 2 |a Vysoká škola ekonomická v Praze. Fakulta financí a účetnictví